LEADER 03108nam 22006495 450 001 9910377840303321 005 20251116225215.0 010 $a9783030349332 010 $a3030349330 024 7 $a10.1007/978-3-030-34933-2 035 $a(CKB)4100000010236920 035 $a(MiAaPQ)EBC6038353 035 $a(DE-He213)978-3-030-34933-2 035 $a(Perlego)3480394 035 $a(iGPub)SPNA0065565 035 $a(EXLCZ)994100000010236920 100 $a20200207d2020 u| 0 101 0 $aeng 135 $aurcnu|||||||| 181 $ctxt$2rdacontent 182 $cc$2rdamedia 183 $acr$2rdacarrier 200 12$aA Synthesis of Time $eZakat, Islamic Micro-finance and the Question of the Future in 21st-Century Indonesia /$fby Konstantinos Retsikas 205 $a1st ed. 2020. 210 1$aCham :$cSpringer International Publishing :$cImprint: Palgrave Macmillan,$d2020. 215 $a1 online resource (278 pages) 311 08$a9783030349325 311 08$a3030349322 320 $aIncludes bibliographical references and index. 327 $a1. Dis-closing Intervals -- 2. Dividing the Present -- 3. Justifying Law -- 4. Anticipating Life -- 5. Promising Deliverance -- 6. Contracting the Future -- 7. Soliciting Time -- 8. Rewinding the Reel. 330 $aThis book is an anthropological investigation into the different forms the economy assumes, and the different purposes it serves, when conceived from the perspective of Islamic micro-finance as a field of everyday practice. It is based on long-term ethnographic research in Java, Indonesia, with Islamic foundations active in managing zakat and other charitable funds, for purposes of poverty alleviation. The book explores the social foundations of contemporary Islamic practices that strive to encompass the economic within an expanded domain of divine worship and elucidates the effects such encompassment has on time, its fissure and synthesis. In order to elaborate on the question of time, the book looks beyond anthropology and Islamic studies, engaging attentively, critically and productively with the post-structuralist work of G. Deleuze, M. Foucault and J. Derrida, three of the most important figures of the temporal turn in contemporary philosophy. 606 $aEthnology 606 $aFinancial services industry 606 $aEthnology$zAsia 606 $aCulture 606 $aSociocultural Anthropology 606 $aEthnography 606 $aFinancial Services 606 $aAsian Culture 615 0$aEthnology. 615 0$aFinancial services industry. 615 0$aEthnology 615 0$aCulture. 615 14$aSociocultural Anthropology. 615 24$aEthnography. 615 24$aFinancial Services. 615 24$aAsian Culture. 676 $a297.27209598 676 $a297.273 700 $aRetsikas$b Konstantinos$4aut$4http://id.loc.gov/vocabulary/relators/aut$01048177 801 0$bMiAaPQ 801 1$bMiAaPQ 801 2$bMiAaPQ 906 $aBOOK 912 $a9910377840303321 996 $aA Synthesis of Time$92530827 997 $aUNINA